| 000 | 00339nam a2200133Ia 4500 | ||
|---|---|---|---|
| 008 | 150301s2014 xx 000 0 und d | ||
| 082 |
_a610.72 _bN14P |
||
| 100 | _aBASAVANTHAPPA,BT. | ||
| 245 | _aNURSING RESEARCH STATISTICS | ||
| 260 |
_bJAYPEE MEDICAL PUB. _c2014 |
||
| 300 | _a878 | ||
| 650 | _aRESEARCH STATISTICS | ||
| 942 |
_2ddc _cBK _055 |
||
| 999 |
_c6809 _d6809 |
||